Songs by Artist: David Bowie - Statistics

General Stats
  • This quiz has been taken 248 times
  • The average score is 15 of 25
Answer Stats
Answer Song % Correct
I, I will be king... And you, you will be queen... Through nothing will drive them away... We can beat them, just for one day... We can be {Heroes}, just for one day... Heroes
97%
There's a {Starman} waiting in the sky... He'd like to come and meet us... But he thinks he'd blow our minds... Starman
94%
Ground Control to Major Tom... Ground Control to Major Tom... Take your protein pills and put your helmet on... {Space Oddity} Space Oddity
91%
Ch-ch-ch-ch-{Changes}... Turn and face the strange... Ch-ch-{Changes}... Don't want to be a richer man... Changes
90%
It's the freakiest show... Take a look at the lawman... Beating up the wrong guy... Oh man, wonder if he'll ever know... He's in the best-selling show.. Is there {Life on Mars}...? Life on Mars?
87%
Pressure pushin' down on me... Pressin' down on you, no man ask for... {Under Pressure} that brings a building down... Splits a family in two, puts people on streets... Under Pressure
87%
({Let's Dance}) put on your red shoes and dance the blues... ({Let's Dance}) to the song they're playing on the radio... (Let's sway)... Let's Dance
86%
{Ziggy} played guitar... Jamming good Weird and Gilly... And the Spider from Mars... Ziggy Stardust
84%
{Rebel Rebel}, you've torn your dress... {Rebel Rebel}, your face is a mess... {Rebel Rebel}, how could they know...? Hot tramp, I love you so! Rebel Rebel
77%
{Ashes to Ashes}, funk to funky... We know Major Tom's a junkie... Strung out in heaven's high... Hitting an all-time low... Ashes to Ashes
71%
Oh no, not me... I never lost control... You're face to face... With {The Man Who Sold The World}... The Man Who Sold the World
66%
Keep your 'lectric eye on me, babe... Put your ray gun to my head... Press your space face close to mine, love... Freak out in a {Moonage Daydream}, oh yeah! Moonage Daydream
65%
Never gonna fall for ({Modern Love})... walks beside me... ({Modern Love}) walks on by... ({Modern Love}) gets me to the church on time... Modern Love
64%
Ah don't lean on me man, cause you can't afford the ticket... I'm back from {Suffragette City}... Oh don't lean on me man... Cause you ain't got time to check it... Suffragette City
59%
I'll stick with you baby for a thousand years... Nothing's gonna touch you in these {Golden Years}, gold... {Golden Years}, gold (whop-whop-whop)... Golden Years
57%
Look up here, I'm in heaven... I've got scars that can't be seen... I've got drama, can't be stolen... Everybody knows me now {Lazarus} Lazarus
47%
{Scary Monsters}, super creeps... Keep me running, running scared... {Scary Monsters}, super creeps... Keep me running, running scared Scary Monsters (and the Such)
46%
{Fame} {(Fame)} makes a man take things over... {Fame} {(Fame)} lets him lose hard to swallow... {Fame} {(Fame)} puts you there where things are hollow... {Fame} {(Fame)} Fame
45%
There are you, you drive like a demon from {Station to Station}... The return of the Thin White Duke, throwing darts in lovers' eyes... Station to Station
41%
{John, I'm Only Dancing}... She turns me on... But I'm only dancing... She turns me on... But don't get me wrong... I'm only dancing John, I'm Only Dancing
40%
A small {Jean Genie} snuck off to the city... Strung out on lasers and slash back blazers... And ate all your razors while pulling the waiters... The Jean Genie
39%
I will sit right down (waiting for the gift of {Sound and Vision})... And I will sing (waiting for the gift of {Sound and Vision})... Sound and Vision
35%
Boys... Boys... {Boys Keep Swinging}... Boys always work it out... Uncage the colours... Unfurl the flag... Boys Keep Swinging
30%
With your long blonde hair and your eyes of blue... The only thing I ever got from youWas {Sorrow Sorrow}... You acted funny... Trying to spend my money... Sorrow
26%
She wants a {Young American}... ({Young American}, {Young American}, she wants the {Young American})... {All right}... But she wants the {Young American}... Young Americans
19%
No matching quizzes found
Score Distribution
Percent of People with Each Score
Percentile by Number Answered
Your Score History
You have not taken this quiz